Statistics for NFL 2019-2020 Starting Four

Click here to take the quiz!

General Stats

  • This quiz has been taken 1,852 times
  • The average score is 56 of 128

Answer Stats

Team/Pos.Answer% Correct
Cardinals QBKyler Murray
98%
Falcons QBMatt Ryan
80%
Ravens QBLamar Jackson
79%
Cardinals WRLarry Fitzgerald
79%
Falcons WRJulio Jones
77%
Bills QBJosh Allen
76%
Cardinals RBDavid Johnson
73%
Panthers QBCam Newton
70%
Ravens RBMark Ingram
67%
Cowboys QBDak Prescott
66%
Bengals QBAndy Dalton
65%
Browns QBBaker Mayfield
65%
Cowboys RBEzekiel Elliott
65%
Packers QBAaron Rodgers
64%
Panthers RBChristian McCaffrey
64%
Lions QBMatthew Stafford
63%
Bears QBMitchell Trubisky
63%
Browns WROdell Beckham Jr.
63%
Cowboys WRAmari Cooper
62%
Texans QBDeshaun Watson
62%
Falcons RBDevonta Freeman
62%
Browns RBNick Chubb
62%
Chiefs QBPatrick Mahomes
62%
Bengals WRAJ Green
61%
Rams QBJared Goff
61%
Chargers QBPhillip Rivers
61%
Falcons WRCalvin Ridley
60%
Browns WRJarvis Landry
60%
Chiefs WRTyreek Hill
60%
Texans WRDeandre Hopkins
59%
Packers WRDevante Adams
59%
Patriots QBTom Brady
59%
Packers RBAaron Jones
58%
Saints QBDrew Brees
58%
Vikings QBKirk Cousins
58%
Rams RBTodd Gurley
58%
Bengals RBJoe Mixon
57%
Chargers WRKeenan Allen
56%
Saints WRMichael Thomas
56%
Saints RBAlvin Kamara
55%
Giants QBEli Manning
55%
Vikings WRAdam Thielen
54%
Vikings RBDalvin Cook
54%
Colts QBJacoby Brissett
54%
Giants RBSaquon Barkley
54%
Patriots WRJulian Edelman
53%
Colts WRTY Hilton
53%
Bears WRAllen Robinson
52%
Raiders QBDerek Carr
52%
Eagles QBCarson Wentz
51%
Rams WRCooper Kupp
51%
Ravens WRMarquise Brown
51%
Dolphins QBRyan Fitzpatrick
51%
Vikings WRStefon Diggs
51%
Chargers RBMelvin Gordon
50%
Panthers WRDJ Moore
49%
Broncos RBPhillip Lindsey
49%
Jets QBSam Darnold
49%
Jaguars QBNick Foles
48%
Steelers QBBen Roethlisberger
47%
Broncos QBJoe Flacco
47%
Jaguars RBLeonard Fournette
47%
Seahawks QBRussell Wilson
47%
Chiefs WRSammy Watkins
47%
49ers QBJimmy Garoppolo
45%
Steelers WRJuju Smith-Schuster
44%
Patriots RBSony Michel
44%
Texans WRWill Fuller
44%
Chiefs RBDamien Williams
43%
Raiders RBJosh Jacobs
43%
Lions WRKenny Golladay
43%
Chargers WRMike Williams
43%
Bears RBTarik Cohen
43%
Bengals WRTyler Boyd
42%
Buccaneers QBJameis Winston
41%
Steelers RBJames Conner
41%
Jets RBLe'Veon Bell
41%
Colts RBMarlon Mack
41%
Broncos WRCourtland Sutton
40%
Broncos WREmmanuel Sanders
39%
Bills WRCole Beasley
38%
Buccaneers WRMike Evans
38%
Seahawks WRTyler Lockett
38%
Ravens WRWillie Snead
38%
Rams WRBrandin Cooks
37%
Seahawks RBChris Carson
37%
Titans RBDerrick Henry
37%
Titans QBMarcus Mariota
37%
Lions WRMarvis Jones Jr.
37%
Eagles WRAlshon Jeffery
34%
Bills WRJohn Brown
34%
Bills RBLeSean McCoy
34%
Giants WRSterling Shepard
33%
Lions RBKerryon Johnson
32%
Texans RBDuke Johnson
31%
Dolphins RBKenyan Drake
31%
Buccaneers WRChris Godwin
30%
Jets WRRobby Anderson
30%
Panthers WRCurtis Samuel
29%
Raiders WRAntonio Brown
24%
Giants WRGolden Tate
23%
Cowboys WRRandall Cobb
23%
Redskins QBCase Keenum
22%
Eagles RBJordan Howard
22%
49ers RBTevin Coleman
22%
Saints WRTed Ginn Jr.
21%
Redskins RBAdrian Peterson
20%
Jaguars WRDede Westbrook
19%
Jets WRJamison Crowder
19%
Bears WRTaylor Gabriel
19%
Titans WRCorey Davis
18%
49ers WRDeebo Samuel
18%
Eagles WRDeSean Jackson
18%
Patriots WRJosh Gordon
17%
Dolphins WRKenny Stills
16%
Raiders WRTyrell Williams
16%
Dolphins WRDeVante Parker
15%
Packers WRGeronimo Allison
14%
Buccaneers RBPeyton Barber
13%
49ers WRDante Pettis
10%
Colts WRDevin Funchess
10%
Jaguars WRMarqise Lee
10%
Seahawks WRDavid Moore
8%
Titans WRAdam Humphries
7%
Steelers WRDonte Moncrief
7%
Cardinals WRMichael Crabtree
6%
Redskins WRJosh Doctson
3%
Redskins WRTrey Quinn
2%

Score Distribution

Percentile by Number Answered

Percent of People with Each Score

Your Score History

You have not taken this quiz